<?xml version="1.0" encoding="UTF-8"?><?xml-stylesheet type="text/xsl" href="static/style.xsl"?><OAI-PMH xmlns="http://www.openarchives.org/OAI/2.0/" xmlns:xsi="http://www.w3.org/2001/XMLSchema-instance" xsi:schemaLocation="http://www.openarchives.org/OAI/2.0/ http://www.openarchives.org/OAI/2.0/OAI-PMH.xsd"><responseDate>2026-04-17T11:45:55Z</responseDate><request verb="GetRecord" identifier="oai:www.recercat.cat:2117/424915" metadataPrefix="marc">https://recercat.cat/oai/request</request><GetRecord><record><header><identifier>oai:recercat.cat:2117/424915</identifier><datestamp>2025-07-22T23:07:19Z</datestamp><setSpec>com_2072_1033</setSpec><setSpec>col_2072_452951</setSpec></header><metadata><record xmlns="http://www.loc.gov/MARC21/slim" xmlns:dcterms="http://purl.org/dc/terms/" xmlns:xsi="http://www.w3.org/2001/XMLSchema-instance" xmlns:doc="http://www.lyncode.com/xoai" xsi:schemaLocation="http://www.loc.gov/MARC21/slim http://www.loc.gov/standards/marcxml/schema/MARC21slim.xsd">
   <leader>00925njm 22002777a 4500</leader>
   <datafield ind2=" " ind1=" " tag="042">
      <subfield code="a">dc</subfield>
   </datafield>
   <datafield ind2=" " ind1=" " tag="720">
      <subfield code="a">Beatrici, Jarin</subfield>
      <subfield code="e">author</subfield>
   </datafield>
   <datafield ind2=" " ind1=" " tag="260">
      <subfield code="c">2024-10-22</subfield>
   </datafield>
   <datafield ind2=" " ind1=" " tag="520">
      <subfield code="a">El projecte tracta sobre eines numèriques combinades amb dades de sensors que permetin prendre decisions ràpides i fonamentades a partir de simulacions de preses de terra (tailing dams). Utilitzant el mètode d'elements finits (FEM) i l'anàlisi inversa, s'identifiquen paràmetres clau com la conductivitat hidràulica saturada i el mòdul d'elasticitat a partir de dades de pressió. L'enfocament permet optimitzar el model hidromecànic de la presa, facilitant un calibratge eficient i precís basat en dades reals.</subfield>
   </datafield>
   <datafield ind2=" " ind1=" " tag="520">
      <subfield code="a">El proyecto trata sobre herramientas numéricas combinadas con datos de sensores que permitan tomar decisiones rápidas y fundamentadas a partir de simulaciones de presas de tierra (tailing dams). Utilizando el método de elementos finitos (FEM) y análisis inverso, se identifican parámetros clave como la conductividad hidráulica saturada y el módulo de elasticidad a partir de datos de presión. El enfoque permite optimizar el modelo hidromecánico de la presa, facilitando una calibración eficiente y precisa basada en datos reales.</subfield>
   </datafield>
   <datafield ind2=" " ind1=" " tag="520">
      <subfield code="a">The project is about numerical tools combined with sensor data that allow quick and informed decisions to be made based on simulations of tailing dams. Using finite element method (FEM) and inverse analysis, key parameters such as saturated hydraulic conductivity and elastic modulus are identified from pressure data. The approach allows optimization of the dam's hydromechanical model, facilitating efficient and accurate calibration based on real data.</subfield>
   </datafield>
   <datafield tag="653" ind2=" " ind1=" ">
      <subfield code="a">Àrees temàtiques de la UPC::Enginyeria civil::Enginyeria hidràulica, marítima i sanitària::Embassaments i preses</subfield>
   </datafield>
   <datafield tag="653" ind2=" " ind1=" ">
      <subfield code="a">Fluid mechanics</subfield>
   </datafield>
   <datafield tag="653" ind2=" " ind1=" ">
      <subfield code="a">Water-storage</subfield>
   </datafield>
   <datafield tag="653" ind2=" " ind1=" ">
      <subfield code="a">Dams -- Design and construction</subfield>
   </datafield>
   <datafield tag="653" ind2=" " ind1=" ">
      <subfield code="a">Análisis inverso</subfield>
   </datafield>
   <datafield tag="653" ind2=" " ind1=" ">
      <subfield code="a">método de elementos finitos (FEM)</subfield>
   </datafield>
   <datafield tag="653" ind2=" " ind1=" ">
      <subfield code="a">hidromecánica</subfield>
   </datafield>
   <datafield tag="653" ind2=" " ind1=" ">
      <subfield code="a">simulación numérica</subfield>
   </datafield>
   <datafield tag="653" ind2=" " ind1=" ">
      <subfield code="a">optimización de parámetros</subfield>
   </datafield>
   <datafield tag="653" ind2=" " ind1=" ">
      <subfield code="a">Mecànica de fluids</subfield>
   </datafield>
   <datafield tag="653" ind2=" " ind1=" ">
      <subfield code="a">Aigua -- Emmagatzematge</subfield>
   </datafield>
   <datafield tag="653" ind2=" " ind1=" ">
      <subfield code="a">Preses (Enginyeria) -- Disseny i construcció</subfield>
   </datafield>
   <datafield ind2="0" ind1="0" tag="245">
      <subfield code="a">Simulación numérica de presas de tierra para toma de decisión</subfield>
   </datafield>
</record></metadata></record></GetRecord></OAI-PMH>